Ainsworth and Bisly`s Dictionary of the Fungi Ed 15 (Record no. 23209)

MARC details
000 -LEADER
fixed length control field 00440nam a2200145Ia 4500
008 - FIXED-LENGTH DATA ELEMENTS--GENERAL INFORMATION
fixed length control field 211109s9999||||xx |||||||||||||| ||und||
082 ## - DEWEY DECIMAL CLASSIFICATION NUMBER
Classification number 579.5
Item number AIN-A
100 ## - MAIN ENTRY--PERSONAL NAME
Personal name Ainsworth, G C
245 #0 - TITLE STATEMENT
Title Ainsworth and Bisly`s Dictionary of the Fungi Ed 15
260 ## - PUBLICATION, DISTRIBUTION, ETC.
Name of publisher, distributor, etc. Commonwealth Mycological Institute
Place of publication, distribution, etc. Kew, Surrey
Date of publication, distribution, etc. 1943
300 ## - PHYSICAL DESCRIPTION
Extent 547p.
630 ## - SUBJECT ADDED ENTRY--UNIFORM TITLE
General subdivision General Stack
650 ## - SUBJECT ADDED ENTRY--TOPICAL TERM
Topical term or geographic name entry element Microorganisms, fungi & algae
942 ## - ADDED ENTRY ELEMENTS (KOHA)
Koha item type BOOK
650 ## - SUBJECT ADDED ENTRY--TOPICAL TERM
Form subdivision Fungi
General subdivision Botany
Holdings
Withdrawn status Lost status Damaged status Not for loan Home library Current library Date acquired Cost, normal purchase price Total Checkouts Full call number Barcode Shelving location Date last seen Price effective from Koha item type
        SB LIBRARY SB LIBRARY 09/11/2021 100.00   579.5 AIN-A 00023958 GENERAL STACK 09/11/2021 09/11/2021 BOOK

Powered by Koha